Χωροταξία - πολεοδομία - περιβάλλον στον 21ο αιώνα : Ελλάδα - Μεσόγειος

Αποθηκεύτηκε σε:
Λεπτομέρειες βιβλιογραφικής εγγραφής
Άλλοι συγγραφείς: Μπεριάτος, Ηλίας (Επιμελητής έκδοσης), Παπαγεωργίου, Μαριλένα (Επιμελητής έκδοσης)
Μορφή: Βιβλίο
Γλώσσα:Greek
Δημοσίευση: Βόλος : Πανεπιστημιακές Εκδόσεις Θεσσαλίας, 2010
Θέματα:
Ετικέτες: Προσθήκη ετικέτας
Δεν υπάρχουν, Καταχωρήστε ετικέτα πρώτοι!

MARC

LEADER 00000cam a2200000 i 4500
001 1/11115
008 101201s2010 gre d
020 |a 978-960-9439-03-9 
035 |l 10109288 
040 |a GR-MY-UA  |b gre  |e aacr 
041 0 |a gre 
082 0 |a 711.409495  |2 (22) 
245 1 0 |a Χωροταξία - πολεοδομία - περιβάλλον στον 21ο αιώνα :  |b Ελλάδα - Μεσόγειος /  |c επιμέλεια: Η. Μπεριάτος - Μ. Παπαγεωργίου 
260 |a Βόλος :   |b Πανεπιστημιακές Εκδόσεις Θεσσαλίας,   |c 2010 
300 |a 847 σ.;  |b εικ.;  |c 30 εκ. 
504 |a Περιλαμβάνει βιβλιογραφία 
650 0 0 |a City planning  |z Greece. 
650 0 0 |a City planning  |z Mediterranean Region. 
650 0 0 |a Regional planning  |z Greece. 
650 0 0 |a Regional planning  |z Mediterranean Region. 
700 1 |a Μπεριάτος, Ηλίας.  |4 edt 
700 1 |a Παπαγεωργίου, Μαριλένα.  |4 edt 
852 |a INST  |b CHIOS  |c EUDOXUS  |e 20170228  |h 711.409495 ΧΩΡ  |p 005200037830  |q 005200037830  |t BK  |y 0 
852 |a INST  |b LESVOS  |e 20101201  |h 711.409495 ΧΩΡ  |p 005100049523  |q 005100049523  |t BK  |y 0 
852 |a INST  |b LESVOS  |c EUDOXUS  |e 20130215  |h 711.409495 ΧΩΡ  |p 005100051970  |q 005100051970  |t EDX  |y 0 
852 |a INST  |b LESVOS  |c EUDOXUS  |e 20131218  |h 711.409495 ΧΩΡ  |p 005100052792  |q 005100052792  |t EDX  |y 0 
852 |a INST  |b LESVOS  |c EUDOXUS  |e 20131218  |h 711.409495 ΧΩΡ  |p 005100052793  |q 005100052793  |t EDX  |y 0 
852 |a INST  |b LESVOS  |c EUDOXUS  |e 20131218  |h 711.409495 ΧΩΡ  |p 005100052794  |q 005100052794  |t EDX  |y 0 
852 |a INST  |b RHODES  |c EUDOXUS  |e 20190516  |h 711.409495 ΧΩΡ  |p 005400040776  |q 005400040776  |t EDX  |y 0 
901 |a BIBL1-2010-3 
901 |a BIBL1-2013-1 
901 |a BIBL1-2013-3 
920 |a Εύδοξος  |b Παραγγελία  |y Χίος-ΤΔΕ  |z 2017-01 
920 |a ΕΥΔΟΞΟΣ  |b ΠΑΡΑΓΓΕΛΙΑ  |y ΛΕΣΒΟΣ-ΤΚ  |z 2013-02 
920 |a ΕΥΔΟΞΟΣ  |b ΕΠΙΣΤΡΟΦΗ  |y ΛΕΣΒΟΣ  |z 2013-02 
970 |a ΤΖΑΦΕΡΗ  |b ΕΥΑΓΓΕΛΙΑ  |z 2010/12/01